000 00563nam a2200193 a 4500
001 17859
003 CO-ViMGA
008 141112s2004 ck r 000 u spa d
040 _aCO-ViMGA
_bspa
_cCO-ViMGA
082 0 4 _aCo861.6 C151c
100 1 _aCañas Delgado, Jhair
_925286
245 1 0 _aCanciones de la sangre
260 _aGuainía,
_cFondo Mixto de la Cultura y las Artes,
_c2001
300 _a112.p.
490 _aColección de poemarios, tierra de muchas aguas
650 1 4 _aPOESIA AMOROSA
_92510
650 1 4 _aPOESIA COLOMBIANA
_91069
942 _2ddc
_cBK
999 _c27284
_d27284